| 000 | 00599nam a22001695i 4500 | ||
|---|---|---|---|
| 001 | 154498 | ||
| 003 | ES-MaACL | ||
| 005 | 20230906205744.0 | ||
| 008 | 040712s1872 fr |||| | fre d | ||
| 040 |
_aCAM _bspa _cCAM |
||
| 100 | 1 |
_aGondinet, Edmond. _9127380 |
|
| 245 | 1 | 0 |
_aChristiane comédie _b: en quatre actes, en prose / _cpar Edmond Gondinet. |
| 250 | _a3e éd. | ||
| 260 |
_aParis : _bMichel Lévy Frères, éditeurs, _c1872 ( _fJ. Claye imprimeur) |
||
| 300 |
_a168 p. ; _c23 cm. |
||
| 852 |
_aES-MaACL _jT-730-F-4 _z-- Enc. hol., falto de la cub. original _z-- Enc. en un vol. facticio |
||
| 999 |
_c154498 _d154498 |
||